书目信息 |
| 题名: |
弹性力学引论
|
|
| 作者: | 武际可 , 王敏中 著 | |
| 分册: | ||
| 出版信息: | 北京 北京大学出版社 1981 |
|
| 页数: | 300页 | |
| 开本: | 21cm | |
| 丛书名: | ||
| 单 册: | ||
| 中图分类: | O343 | |
| 科图分类: | ||
| 主题词: | 弹性力学 | |
| 电子资源: | ||
| ISBN: | ||
| 000 | 00642nam0 2200241 45 | |
| 001 | 0181004811 | |
| 005 | 20061121091453.92 | |
| 010 | @dCNY1.50 | |
| 091 | @a13209.17 | |
| 100 | @a19950406d1981 em y0chiy0121 ea | |
| 101 | 0 | @achi |
| 102 | @aCN@b110000 | |
| 105 | @ay z 000yy | |
| 200 | 10 | @a弹性力学引论@Atan xing li xue yin lun@f武际可, 王敏中著@FWu Ji Ke,WangMin Zhong Zhu |
| 210 | @a北京@c北京大学出版社@d1981 | |
| 215 | @a300页@d21cm | |
| 606 | @a弹性力学 | |
| 690 | @aO343@v3 | |
| 701 | 0 | @a武际可@4著 |
| 701 | 0 | @a王敏中@4著 |
| 801 | 0 | @aCN@b上海图书馆@c20061121 |
| 801 | 2 | @aCN@bNLC@c20041223 |
| 905 | @f1@b61214@dO343@e11 | |
| 弹性力学引论/武际可, 王敏中著.-北京:北京大学出版社,1981 |
| 300页;21cm |
| ISBN :CNY1.50 |
| ● |
| 相关链接 |
|
|
|
|
正题名:弹性力学引论
索取号:O343/11
 
预约/预借
| 序号 | 登录号 | 条形码 | 馆藏地/架位号 | 状态 | 备注 |
| 1 | 0061214 | 001977882 | 第三借阅区/ [索取号:O343/11] | 在馆 | |
| 2 | 0073415 | 000385345 | 第二样本阅览室/ [索取号:O343/11] | 在馆 |